LEADER 09358nam 22004693u 450 001 9910466478303321 005 20210107200551.0 010 $a2-8044-8022-4 035 $a(CKB)3790000000018876 035 $a(EBL)2086260 035 $a(MiAaPQ)EBC2086260 035 $a(Au-PeEL)EBL2086260 035 $a(OCoLC)914152998 035 $a(EXLCZ)993790000000018876 100 $a20150720d2015|||| u|| | 101 0 $adut 135 $aur|n|---||||| 181 $ctxt$2rdacontent 182 $cc$2rdamedia 183 $acr$2rdacarrier 200 10$aAuteursrecht - Capita selecta$b[electronic resource] 210 $aCork $cPrimento Digital Publishing$d2015 215 $a1 online resource (576 p.) 300 $aDescription based upon print version of record. 311 $a2-8044-7653-7 327 $aCover -- Titelblad -- Copyright -- Inleiding -- Hoofdstuk 1 - Historiek -- Hoofdstuk 2 - Voorwaarden voor auteursrechtelijke bescherming -- Afdeling 1 - Vereiste van vormgeving -- Afdeling 2 - Vereiste van originaliteit -- ?1. Begripsomschrijving door de hoogste rechtscolleges -- ?2. Nuttige wetsbepalingen -- ?3. Analyse door de rechtsleer -- Afdeling 3 - Irrelevante criteria -- ?1. Letterkunde of kunst -- ?2. Kunstzinnig karakter -- ?3. Nieuwheid -- ?4. Vastlegging op een materie?le drager -- ?5. Communicatie met mensen -- ?6. Goede zeden en openbare orde -- ?7. Neerlegging bij de Koninklijke Bibliotheek van Belgie? -- Hoofdstuk 3 - De titularis van het auteursrecht -- Afdeling 1 - De oorspronkelijke auteur -- Afdeling 2 - Vermoedens van titulariteit -- ?1. Vermoeden ingevolge naamsvermelding -- ?2. Vermoeden bij anonieme werken of werken uitgegeven onder pseudoniem -- Afdeling 3 - Werken gecree?erd in dienstverband of onder statuut -- Afdeling 4 - Werken gecree?erd door meerdere auteurs -- ?1. Historiek en indeling -- ?2. Werkelijke samenwerking -- A. Voorwaarden -- B. Ondeelbare werken -- C. Deelbare werken -- ?3. Samengestelde en afgeleide werken -- Hoofdstuk 4 - Beschermde werken -- Afdeling 1 - Algemeen -- Afdeling 2 - Werken van letterkunde -- ?1. Werken van letterkunde welke auteursrechtelijke bescherming genieten -- A. Algemeen -- B. Wetenschappelijke en utilitaire werken -- C. Reclamemateriaal -- D. Titels en slogans -- E. Websites en domeinnamen -- F. Personages en figuren -- ?2. Werken van letterkunde welke geen of slechts beperkte auteursrechtelijke bescherming genieten -- Afdeling 3 - Werken van beeldende kunst -- ?1. Artistieke kunst -- ?2. Gebruiksvoorwerpen - toegepaste kunst -- ?3. Machines -- ?4. Architectuur -- A. Oorspronkelijkheid -- B. Vermogensrechten -- C. Morele rechten. 327 $a5. Schetsen, plannen en technische tekeningen -- ?6. Bijzondere bepalingen voor werken van beeldende kunst -- Afdeling 4 - Audiovisuele werken -- ?1. Poging tot definitie -- ?2. Bijzondere bepalingen -- Afdeling 5 - Software -- ?1. Voorwerp van de bescherming -- ?2. Rechthebbenden -- ?3. Exclusieve rechten -- ?4. Decompilatie en broncode -- ?5. Beschermingstermijn -- ?6. Technische beveiligingsmiddelen -- Afdeling 6 - Databanken -- ?1. Inleiding -- ?2. Bescherming onder het klassieke auteursrecht -- ?3. Sui generis-bescherming -- A. Voorwaarden -- B. Recht tot opvraging en hergebruik -- C. Duur van de bescherming -- D. Uitzonderingen -- Hoofdstuk 5 - Rechten van de auteur -- Afdeling 1 - Vermogensrechten -- ?1. Het reproductierecht -- A. Inhoud van het recht -- B. Het reproductierecht in de enge zin -- C. Het adaptatie- en vertalingsrecht -- D. Het distributierecht -- E. Het verhuur- en leenrecht -- F. Het bestemmingsrecht -- ?2. Het publieke mededelingsrecht -- A. Inhoud van het recht -- B. Het begrip "mededeling aan het publiek" -- ?3. Het volgrecht -- A. Inhoud van het recht -- B. Toepassingsvoorwaarden -- C. Tarief -- D. Rechthebbende -- E. Schuldenaar -- F. Kennisgeving en betaling -- G. Opvragen van inlichtingen -- H. Verjaring van de vordering van de auteur en duur van het volgrecht -- I. Recht sui generis -- Afdeling 2 - Morele rechten -- ?1. Het openbaarmakingsrecht -- ?2. Het vaderschapsrecht -- ?3. Het recht op eerbied -- A. Uiteenzetting van de principes -- B. Inbreuken: wijziging aan of vernietiging van een werk -- ?4. Bijzondere regeling betreffende de morele rechten op het audiovisuele werk -- A. Niet-afgewerkte bijdragen (art. XI.180 WER -- oud art. 15 Auteurswet 1994) -- B. Voltooiing van het werk (art. XI.181 WER -- oud art. 16 Auteurswet 1994) -- ?5. Recht op toegang tot het werk. 327 $aHoofdstuk 6 - Uitzonderingen op de vermogensrechten van de auteur -- Afdeling 1 - Inleiding -- Afdeling 2 - Karakteristieken gemeenschappelijk aan alle uitzonderingen -- ?1. Het karakter van dwingend recht -- ?2. De restrictieve interpretatie -- ?3. De driestappentoets -- Afdeling 3 - De uitzonderingen van artikel XI.189 WER -- ?1. Het citaatrecht -- ?2. De bloemlezing bestemd voor het onderwijs -- ?3. De tijdelijke technisch noodzakelijke kopie -- Afdeling 4 - De uitzonderingen van artikel XI.190 WER -- ?1. De gemeenschappelijke vereiste van de geoorloofde openbaarmaking -- ?2. De verslaggeving over actuele gebeurtenissen (het zgn. informatief citaat) -- ?3. Tentoongesteld werk op een openbare plaats -- ?4. Kosteloze prive?-uitvoering in de familiekring of kosteloze uitvoering in het kader van schoolactiviteiten -- A. Kosteloze prive?-uitvoering in familiekring -- B. Kosteloze uitvoering in het kader van schoolactiviteiten -- ?5. De reproductie voor prive?gebruik en ter illustratie bij onderwijs of voor wetenschappelijk onderzoek (de zgn. reprografieregeling) -- A. Inleiding -- B. Reproductie voor prive?gebruik -- C. Reproducties ter illustratie bij onderwijs of voor wetenschappelijk onderzoek -- ?6. Thuiskopie -- ?7. Karikatuur, parodie of pastiche -- ?8. De kosteloze uitvoering tijdens een publiek examen -- ?9. Reproductie voor bewaring van het culturele en wetenschappelijke patrimonium -- ?10. Mededelingen via speciale terminals in instellingen -- ?11. Tijdelijke opnamen van omroeporganisaties -- ?12. Gebruik voor mensen met een handicap -- ?13. Aankondigingen voor tentoonstellingen en openbare verkopen -- ?14. Reproducties van uitzendingen door bepaalde erkende instellingen -- Hoofdstuk 7 - Beschermingsduur -- Afdeling 1 - Algemene regel -- Afdeling 2 - Specifieke regels voor bijzondere gevallen. 327 $a1. Werken door twee of meer personen samen gemaakt -- ?2. Anonieme of pseudonieme werken -- ?3. Postume werken -- Hoofdstuk 8 - Schadevergoeding bij inbreuken -- Afdeling 1 - Inleiding -- Afdeling 2 - Wettelijk kader -- ?1. Internationale en Europese context -- ?2. Belgische context -- Afdeling 3 - Objectieve aansprakelijkheid -- Afdeling 4 - Schadeloosstelling -- ?1. Equivalentie tussen schade en schadevergoeding -- ?2. Begroting van de schadevergoeding -- A. Gederfde winst -- B. Geleden verlies -- C. Morele schade -- ?3. Andere herstelmaatregelen -- ?4. Vergoeding voor proceskosten -- Hoofdstuk 9 - Recente evoluties inzake procedurerecht -- Afdeling 1 - Bevoegdheid ratione materiæ -- Afdeling 2 - Bevoegdheid ratione loci -- Afdeling 3 - Stakingsvordering zoals in kort geding -- Afdeling 4 - Vorderingen tegen tussenpersonen -- Afdeling 5 - Vereiste van een procedure ten gronde na voorlopige maatregelen -- Afdeling 6 - Beschrijvend beslag inzake namaak -- ?1. Beschrijving -- ?2. Beslag -- ?3. Derdenverzet -- Bejlage 1 - Uittreksels uit de concordantietabellen -- Boek XI. - Intellectuele eigendom -- Boek XVII. - Bijzondere rechtsprocedures -- Bijlage 2 - Uittreksels uit het Wetboek van Economisch Recht -- Boek I. - Definities -- Boek XVII. - Bijzondere rechtsprocedures -- Inhoudstafel. 330 $a Eerste grondige publicatie na de codificatie van de wetgeving inzake intellectuele eigendomsrechten; De wetgeving inzake auteursrecht wordt op 1 januari 2015 grondig herschikt in het licht van de invoering van het Wetboek van Economisch Recht. Dit Cahier behandelt enkele van de belangrijkste aspecten van het auteursrecht op de achtergrond van deze codificatie en de vele recente evoluties in de Europese en Belgische rechtspraak. De auteurs bespreken de voorwaarden voor auteursrechtelijke bescherming, wie de auteursrechten geniet, de bescherming van specifieke werken, de vermogens- en morele rechten van de auteur, de uitzonderingen op het auteursrecht, de beschermingsduur, en de regeling van schadevergoeding bij inbreuk. Daarbij gaat ook aandacht uit naar recente procedurele evoluties. Het  uitgebreid voetnotenapparaat  maken  van dit Cahier een praktisch werkinstrument e?n het vertrekpunt voor verdere opzoekingen. 608 $aElectronic books. 676 $a346.04/82 700 $aKeustermans$b Jeff$01028935 701 $aBlomme$b Peter$01028936 701 $aFlamme$b Michel$01028937 801 0$bAU-PeEL 801 1$bAU-PeEL 801 2$bAU-PeEL 906 $aBOOK 912 $a9910466478303321 996 $aAuteursrecht - Capita selecta$92445113 997 $aUNINA LEADER 01593nam 2200373Ia 450 001 996397701303316 005 20210104171848.0 035 $a(CKB)4940000000064172 035 $a(EEBO)2240933041 035 $a(OCoLC)ocn953793277e 035 $a(OCoLC)953793277 035 $a(EXLCZ)994940000000064172 100 $a20160720d1628 uy 0 101 0 $aeng 135 $aurbn||||a|bb| 200 14$aThe effect of certaine branches of the statute made in anno 33 Henrici viij. touching the maintenance of artillery, and the punishment of such as vse vnlawfull games, very necessary to be put in execution$b[electronic resource] 210 $aImprinted at London $cBy Bonham Norton and Iohn Bill, printers to the Kings Most Excellent Maiestie$dMDCXXVIII. [1628] 215 $a1 sheet ([1] p.) 300 $aCaption title. 300 $aReproduction of original in: Great Britain. Public Record Office. 330 $aeebo-0214 606 $aMilitary weapons$xArtillery$vEarly works to 1800 606 $aWeapons$zEngland$vEarly works to 1800 615 0$aMilitary weapons$xArtillery 615 0$aWeapons 701 $aCharles$cKing of England,$f1600-1649.$0793295 702 $aNorton$b Bonham$f1565-1635, 702 $aBill$b John$f-1630, 801 0$bUMI 801 1$bUMI 906 $aBOOK 912 $a996397701303316 996 $aThe effect of certaine branches of the statute made in anno 33 Henrici viij. touching the maintenance of artillery, and the punishment of such as vse vnlawfull games, very necessary to be put in execution$92380336 997 $aUNISA LEADER 01916oam 2200613 450 001 9910711946203321 005 20201028104307.0 035 $a(CKB)5470000002488630 035 $a(OCoLC)961912888 035 $a(EXLCZ)995470000002488630 100 $a20161102d2016 ua 0 101 0 $aeng 135 $aur||||||||||| 181 $ctxt$2rdacontent 182 $cc$2rdamedia 183 $acr$2rdacarrier 200 10$aCountering gray-zone hybrid threats $ean analysis of Russia's 'new generation warfare' and implications for the US Army /$fby John Chambers 210 1$a[West Point, N.Y.] :$cModern War Institute at West Point,$d2016. 215 $a1 online resource (57 pages) $ccolor illustration, color maps 300 $a"October 18, 2016." 320 $aIncludes bibliographical references (pages 50-57). 517 $aCountering gray-zone hybrid threats 606 $aAsymmetric warfare 606 $aIrregular warfare 606 $aStrategy$vCase studies 606 $aAsymmetric warfare$2fast 606 $aIrregular warfare$2fast 606 $aMilitary policy$2fast 606 $aStrategy$2fast 607 $aRussia (Federation)$xMilitary policy 607 $aRussia (Federation)$2fast 608 $aCase studies.$2fast 615 0$aAsymmetric warfare. 615 0$aIrregular warfare. 615 0$aStrategy 615 7$aAsymmetric warfare. 615 7$aIrregular warfare. 615 7$aMilitary policy. 615 7$aStrategy. 700 $aChambers$b John$0876828 712 02$aModern War Institute (United States Military Academy), 801 0$bDID 801 1$bDID 801 2$bOCLCO 801 2$bOCLCF 801 2$bOCLCQ 801 2$bOCLCO 801 2$bOCLCA 801 2$bOCLCQ 801 2$bGPO 906 $aBOOK 912 $a9910711946203321 996 $aCountering gray-zone hybrid threats$93520977 997 $aUNINA LEADER 03460nam 2200769 450 001 9910814940703321 005 20230803201536.0 010 $a3-11-219140-4 010 $a3-11-037796-9 024 7 $a10.1515/9783110237948 035 $a(CKB)3520000000004120 035 $a(EBL)920450 035 $a(OCoLC)898769571 035 $a(SSID)ssj0001401534 035 $a(PQKBManifestationID)12523776 035 $a(PQKBTitleCode)TC0001401534 035 $a(PQKBWorkID)11346033 035 $a(PQKB)11371570 035 $a(MiAaPQ)EBC920450 035 $a(DE-B1597)123011 035 $a(OCoLC)1013955893 035 $a(OCoLC)1029814139 035 $a(OCoLC)1032688689 035 $a(OCoLC)1037980948 035 $a(OCoLC)1041999462 035 $a(OCoLC)1046618927 035 $a(OCoLC)1046687537 035 $a(OCoLC)1047003564 035 $a(OCoLC)979583873 035 $a(DE-B1597)9783110237948 035 $a(Au-PeEL)EBL920450 035 $a(CaPaEBR)ebr11006671 035 $a(CaONFJC)MIL807492 035 $a(EXLCZ)993520000000004120 100 $a20150128h20142014 uy 0 101 0 $ager 135 $aur|n|---||||| 181 $ctxt 182 $cc 183 $acr 200 00$aBriefe an Bertolt Brecht im Exil (1933-1949) /$fHermann Haarmann, Christoph Hesse, herausgegeben 210 1$aBerlin, Germany ;$aBoston, Massachusetts :$cDe Gruyter,$d2014. 210 4$d©2014 215 $a1 online resource (2088 p.) 300 $aIncludes index. 311 $a3-11-019546-1 311 $a3-11-023794-6 327 $aBand 1. Briefe an Bertolt Brecht, 1933-1936 -- Band 2. Briefe an Bertolt Brecht, 1937 -- Band 3. Briefe an Bertolt Brecht, 1946. 330 $aDie vorliegenden Bände versammeln jene Briefe, die Bertolt Brecht während der Zeit seines Exils (1933-1949) erhielt. Es handelt sich dabei um bisher zum größten Teil unveröffentlichte Briefe (Initial- ebenso wie Antwortbriefe), die komplementär zu Brechts eigenen Briefen, publiziert in der Großen Berliner und Frankfurter Ausgabe, erstmals einen umfassenden Einblick geben in seine Beziehungen zu Freunden, Geliebten, Mitarbeitern, Genossen und Geschäftspartnern. Auch über Brechts äußerst vielfältige Produktion im Exil gibt die Korrespondenz aus ganz unterschiedlichen Perspektiven Aufschluss. Von herausragender kulturgeschichtlicher Bedeutung, dokumentieren die hier versammelten Briefe das intellektuelle Leben der 1930er und 1940er Jahre in Europa und Amerika sowie die persönliche Situation vieler Intellektueller und Künstler. Unter Brechts Briefpartnern jener Jahre finden sich so bedeutende Namen wie Walter Benjamin, Arnold Zweig, Lion Feuchtwanger, Ernst Bloch, George Grosz, Erwin Piscator, Heinrich und Thomas Mann. Die Briefe werden durch eine Einleitung, Kommentare und Indizes erschlossen. 606 $aLITERARY COLLECTIONS / Letters$2bisacsh 607 $aGermany$xIntellectual life$y20th century 610 $aBrecht, Bertolt. 610 $aWorld War II. 610 $aexile. 610 $aletter collection. 615 7$aLITERARY COLLECTIONS / Letters. 676 $a832/.912 686 $aGM 2658$2rvk 702 $aHaarmann$b Hermann$f1946- 702 $aHesse$b Christoph 801 0$bMiAaPQ 801 1$bMiAaPQ 801 2$bMiAaPQ 906 $aBOOK 912 $a9910814940703321 996 $aBriefe an Bertolt Brecht im Exil (1933-1949)$94093537 997 $aUNINA LEADER 02205nam0 2200481 i 450 001 RAV0030700 005 20251003044319.0 010 $a8831750852 100 $a19880705d1988 ||||0itac50 ba 101 | $aita 102 $ait 181 1$6z01$ai $bxxxe 182 1$6z01$an 183 1$6z01$anc$2RDAcarrier 200 1 $aDa via Stalingrado a Piazza degli Affari$eˆla ‰storia dell'Unipol$fMarcella Gabbiano, Antonio Calabro$gintroduzione di Giuseppe Turani 210 $aVenezia$cMarsilio$d1988 215 $a148 p., \16! c. di tav.$cill.$d22 cm. 225 | $aˆI ‰giorni 410 0$1001CFI0036372$12001 $aˆI ‰giorni 606 $aUnipol $xStoria$2FIR$3LO1C311828$9I 606 $aUnipol $xStoria$2FIR$3LO1C311828$9I 676 $a368$9$v12 676 $a368$9$v21 676 $a368.00945$9ASSICURAZIONI. ITALIA$v20 676 $a368.06545$9$v21 676 $a368.945$9ASSICURAZIONI. Italia$v21 686 $aIT/X435.7$cASSICURAZIONI ITALIA$2R 686 $aIT/X436.9$cMOVIMENTO COOPERATIVO ITALIA$2R 686 $aSe.i.5.0$cStoria dell'economia italiana. Storie di banche, di compagnie di assicurazioni e altri istituti finanziari$2F 700 1$aGabbiano$b, Marcella$3RAVV017917$4070$0791162 701 1$aCalabrò$b, Antonio$f <1950- >$3RAVV017918$4070$0332729 702 1$aTurani$b, Giuseppe$f <1941-2021>$3CFIV008774 801 3$aIT$bIT-000000$c19880705 850 $aIT-BN0095 $aIT-NA0299 $aIT-NA0079 $aIT-NA0230 901 $bNAP BN$cMAGAZZINO $nmagazzini correnti divisi per anni 901 $bNAP IR$cFGDC $n$ 901 $bNAP AG$cF.AVOLIO $n$ 901 $bNAP 01$cPOZZO LIB.$nVi sono collocati fondi di economia, periodici di ingegneria e scienze, periodici di economia e statistica e altri fondi comprendenti documenti di economia pervenuti in dono. 912 $aRAV0030700 950 0$aBiblioteca Centralizzata di Ateneo$c1 v.$d 01POZZO LIB.ECON MON 3138$e 0101 0000151915E VMA 1 v.$fB $h20210316$i20210316 977 $a 01$a AG$a BN$a IR 996 $aDa via Stalingrado a Piazza degli Affari$91768223 997 $aUNISANNIO